00462nam a2200169 a 450000100060000000300090000600800410001502000150005604000280007108200160009910000170011524500260013226000310015830000110018950000520020065000400025216206CO-ViMGA141112s2004 ck r 000 u spa d a9580449155 aCO-ViMGAbspacCO-ViMGA04a813.4 J153o1 aJames, Henry10aOtra vuelta de tuerca aBogotá : bNorma, c1999 a166.p. aCon : A propósito de Henry James y su obra. 14aCUENTOS ESTADOUNIDENSES - SIGLO XIX